Quizzes
Events
Quiz Creation
Community
Videos
Private Events
Remove Ads
Sign In
Join for FREE
Feedback
Dark Mode
Quiz Categories
Sports
Geography
Music
Movies
Television
Just For Fun
Miscellaneous
History
Literature
Language
Science
Gaming
Entertainment
Religion
Holiday
For Kids
Quiz Lab
Recent
Popular Today
Quiz Kudos Today
Editor Picks
Curator Picks
Quizzes by...
Day
Popularity
Type
Ratings
Length
Year
Community
Subscriptions
Recent Discussions
Orange Saloon
Badges
Playlists
Quests
Create
Leaderboards
Showdown
Live 5
Trivia Bingo
Activity
Puzzle Library
Sporcle Events
Private Events
Virtual Trivia
Globe League
Become a Host
Pub Owners
SporcleCon
Opinionation
Our Games
Videos
Blog
Mobile Apps
Partnerships
Remove Ads and Go Orange
Feedback
Sports
Athletes
MLB
NBA
NHL
NFL
Soccer
Sports Teams
WWE
NCAA
Football
Premier League
Basketball
Baseball
Hockey
Golf
Tennis
Cricket
Rugby
Auto Racing
Olympics
World Cup
Sports
Athletes
MLB
NBA
NHL
NFL
Soccer
Sports Teams
WWE
NCAA
Football
Premier League
Basketball
Baseball
Hockey
Golf
Tennis
Cricket
Rugby
Auto Racing
Olympics
World Cup
Random Quiz
Search Sporcle
×
Curator Pick
Curator Pick
Sports
Soccer
Type in answers that appear in a list
Type in answers that appear in a list
Classic
Best Score? Go Orange.
Rugby and Soccer world cups countries Stats
Can you name the countries that have qualified for both a Soccer and a Rugby union world cup?
By
aloenz
4m
19 Questions
2,400 Plays
2,400 Plays
2,400 Plays
Comments
Comments
Give Quiz Kudos
Give Quiz Kudos
-
- Ratings
hide this ad
More Info
Replay
Link that replays current quiz
Next Quiz
Link to next quiz in quiz playlist
You Got
0%
They Got
Avg Score
89%
Avg Friend Score
Upgrade to see
Score Distribution
Jump to the score distribution portion of the page
Score
0/19
Timer
04:00
1
Play Today
Continent
Country
% Correct
Europe
England
96.7%
Oceania
Australia
96.6%
North America
United States of America
96.2%
Africa
South Africa
96%
Oceania
New Zealand
96%
Europe
France
95.9%
North America
Canada
95%
South America
Argentina
94.5%
Europe
Ireland
94.1%
Europe
Italy
93.7%
Continent
Country
% Correct
Asia
Japan
93.2%
Europe
Scotland
92.4%
Europe
Wales
91.2%
Europe
Spain
89.5%
South America
Uruguay
88.9%
Europe
Portugal
81.8%
Europe
Russia
81.6%
Europe
Romania
69%
Africa
Côte d'Ivoire
51.4%
Quiz Playlist
Details
Report
Send in Message
Add To Playlist
More Info:
Based on the men's teams in both sports
Classic:
Type in answers that appear in a list
Last Updated: Jul 8, 2019
Curator Pick in
Rugby
Quiz Scoreboard
CHALLENGE
Sign Up to Join the Scoreboard
Show All
Scores
Hide
Comments
May contain spoilers
Recently Published
Billboard Blitz: Fleetwood Mac
by CooCooCachoo
Music
15s
Presidents Visiting Landmarks
by Hejman
History
7m
An Introduction to Baseball
by treessimontrees
Sports
5m
More to Explore
Quiz From the Vault
Featured Blog Post
Where Did the Easter Bunny Come From?
hide this ad
You Might Also Like...
Tags
Country Quiz
Rugby Quiz
Soccer Quiz
World Cup Quiz
FIFA
International Rugby
Rugby Union
Rugby World Cup
Today's Top Quizzes in Sports
Browse Sports
hide this ad
Today's Top Quizzes in Soccer
Browse Soccer
Top Contributed Quizzes in Sports
1
Les meilleurs buteurs des matchs entre le PSG et l’OM
2
2022 World Cup Stars
3
FIFA Club World Cup Champions
4
Les entraîneurs de l'OM et du PSG au 21e siècle
5
Name the Premier League winners with different clubs
6
5-to-1: UK Sports Teams
7
La finale Lions - Afrique du Sud 2021
8
Criteria MLB: Left Handed Sluggers
9
AFC Teams Reveal (Wrong Answers Minefield)
10
England Test cricketers to play under Nasser Hussain
Explore More
Trending Topics
Crossword
Marvel
NBA
Harry Potter
Disney
Kpop
Anime
WWE
Pokémon
Country
Soccer
NFL
The Office
Puzzle
Song
hide this ad
More By:
aloenz
Quiz
Plays
Rating
Category
Featured
Created
2019 Tour de France riders by any 3 letters
3,445
4.55
Sports
Aug 26, 2019
2020 PDC World Darts Championship Countries
2,790
5.00
Sports
Dec 15, 2019
2022 FIFA World Cup Player Minefield
2,426
5.00
Sports
Nov 26, 2022
Rugby and Soccer world cups countries
2,400
4.82
Sports
Jul 8, 2019
2022 Tour de France riders by any 3 letters
930
5.00
Sports
Jun 30, 2022
Go to Creator's Profile
Score Distribution
Quiz Creator Spotlight
aloenz
Follow
Send a Message
Quizzes Created
-
Created Quiz Play Count
-
More By This Creator
Popular Quizzes Today
1
Find the US States - No Outlines Minefield
2
Find the Countries of Europe - No Outlines Minefield
3
The Countries of the World
4
Find the US States
5
Popular People in 1961
6
US States
7
Risky Map Clicking: Biggest States A-Z
8
Movies - When Are They Set?
More Sports Quizzes
1998 NBA Champions - Chicago Bulls
Quiz Lab
Trending Quizzes
Risky Map Clicking: Least Populous States A-Z
1-10 Letter G Words
1-10 Letter F Words
Risky Map Clicking: Next State Alphabetically
Risky Map Clicking: Biggest States A-Z
Recently Updated
Leaping Animals
pecheneg
Reality TV Shows (A-Z)
bhenderson79
Rickey Henderson's Hall of Fame Teammates
pecheneg
Champions League XIs: Arsenal
pecheneg
Quick Pick: Celebrities in WWE's Hall of Fame
aduchscher
A-Z Keypad Blitz II
pecheneg
Multiple Oscar Actors
pecheneg
Mystery Phrase Blitz: Oscar 'Best Actors'
pecheneg
F. Scott Fitzgerald Novels
LTH
Pick 3 Villains
ddd62291
Trending Topics
Disney
Marvel
Harry Potter
NBA
Crossword
Kpop
Anime
Soccer
WWE
Pokémon
Song
The Office
NFL
Puzzle
Country
Your Account Isn't Verified!
In order to create a playlist on Sporcle, you need to verify the email address you used during registration. Go to your
Sporcle Settings
to finish the process.
Report this User
Report this user for behavior that violates our
Community Guidelines
.
Details:
Send Report
Go to the Sporcle.com Mobile Site →
Comments